Water, agricultural development and rural poverty in Bangladesh /
محفوظ في:
| المؤلف الرئيسي: | |
|---|---|
| التنسيق: | نص |
| الوسوم: |
إضافة وسم
لا توجد وسوم, كن أول من يضع وسما على هذه التسجيلة!
|
MARC
| LEADER | 00000 a a2200000 04500 | ||
|---|---|---|---|
| 001 | 43899 | ||
| 003 | |||
| 040 | |||
| 100 | |a Lein, Haakon | ||
| 245 | |a Water, agricultural development and rural poverty in Bangladesh / |c Haakon Lein | ||
| 773 | |g páginas 87-102 : tablas, gráficos | ||
| 999 | |c 20924 |d 20924 | ||
